| 000 -LEADER |
| fixed length control field |
01174nam a22001457a 4500 |
| 008 - FIXED-LENGTH DATA ELEMENTS--GENERAL INFORMATION |
| fixed length control field |
210928b ||||| |||| 00| 0 eng d |
| 100 ## - MAIN ENTRY--PERSONAL NAME |
| Personal name |
Kannan, K. P. |
| 245 ## - TITLE STATEMENT |
| Title |
Social security in the lockdown: A time to revisit the NCEUS recommendations |
| 260 ## - PUBLICATION, DISTRIBUTION, ETC. (IMPRINT) |
| Place of publication, distribution, etc |
The Indian Journal of Labour Economics |
| 300 ## - PHYSICAL DESCRIPTION |
| Extent |
63(1), Oct, 2020: p.139-144 |
| 520 ## - SUMMARY, ETC. |
| Summary, etc |
In normal times the meaning of social security is somewhat restricted. It is about the absence or presence of some fallback mechanisms when in distress of one kind or another, as, for example, unemployment, sickness, accident/death, old age, etc. In countries with endemic poverty such as India, social security also refers to such protective schemes as Public Distribution System (PDS) for essential food, mid-day meals for children in schools, supplementary nutrition for children in pre-school age group, public employment and so on. The first set of measures are for meeting situations of adversity, while the second are measures for meeting situations of deficiency. – Reproduced |
| 773 ## - HOST ITEM ENTRY |
| Main entry heading |
The Indian Journal of Labour Economics |
| 906 ## - LOCAL DATA ELEMENT F, LDF (RLIN) |
| Subject DIP |
COVID-19 (DISEASE) - ECONOMIC ASPECTS |
| 942 ## - ADDED ENTRY ELEMENTS (KOHA) |
| Item type |
Articles |